000 00586nam a2200193 a 4500
001 BRCA_494
005 20190320203032.0
008 951129s1994 sp-a---##b---#000-0#spa-#
020 _a8474262240
040 _aDLC
_cDLC
050 4 _aNE400
_b.V58 1994
100 1 _aVives i Piqué, Rosa
_91703
245 1 0 _aDel cobre al papel
_bla imagen multiplicada : el conocimiento de las estampas
_cRosa Vives Piqué.
260 _aBarcelona
_bIcaria
_c1994
300 _a236 p.
_bil.
_c21 cm.
504 _aIncluye referencias bibliográficas
650 1 4 _aGrabado
_xHistoria
_91591
942 _2lcc
_cB
999 _c428
_d428